| 000 | 00507ntaaa2200181 4500 | ||
|---|---|---|---|
| 003 | 01 | ||
| 005 | 20251027202936.0 | ||
| 008 | 0714s1973 ag 01 | ||
| 040 |
_aAR-BaBN _bspa _cAR-BaBN _eaacr _dRIC |
||
| 082 | _a923.1730 L63 | ||
| 100 |
_aSarmiento, Domingo Faustino (1811-1888) _930063 |
||
| 245 | _aVida de Abraham Lincoln (1809-1865) | ||
| 250 | _a1 ed. | ||
| 260 |
_aBuenos Aires : _bEdiciones Antonio Zamora, _c1965 |
||
| 300 | _a259 p | ||
| 650 |
_aLincoln, Abraham (1809-1865) _930064 |
||
| 942 | _cBK | ||
| 999 |
_c24696 _d24696 |
||